000 00657nam a2200229Ia 4500
003 OSt
005 20221005101653.0
006 a|||||r|||| 00| 0
007 ta
008 221004b |||||||| |||| 00| 0 mal d
024 _a55113
037 _cTextual
040 _aCRL
_cCRL
_bmal
041 _2mal
_amal
082 _aO32:gN5, J7
100 _aNair Ullattil Govindankutty Au.
_9622495
245 0 _aAdhunika malayala sahithyam
260 _aTrichur
_bThe mangalodayam India
_c1957
650 _aMALAYALAM LITERATURE
_938866
942 _hO32:gN5, J7
_cTEXL
_2cc
999 _c1007161
_d1007161